000 00531nam a22001937a 4500
005 20260515114855.0
008 201205b ||||| |||| 00| 0 eng d
020 _a9789390434428
040 _aIN-DiNC
_cIN-DiNC
041 _dasm
082 _a020
_bROH
100 _aRohman, Wakidur
_eauthor
245 _aSnatak mahalar granthagar aru tathya bijnan/
_cby Wakidur Rohman
250 _a1st ed.
260 _aGuwahati
_bEBH publishers,
_c2021
300 _a189p.
650 _aLibrary and information science
942 _2ddc
_cBK
999 _c11092
_d11092